000 00294nam a22001337a 4500
008 170615b xxu||||| |||| 00| 0 eng d
020 _a9780394559544
041 _aeng
080 _a32
100 _a19
101 _aSHP
245 _aPOLITICS OF RICH AND POOR
_cPHILLIPS,K
942 _2udc
_cBK
999 _c17493
_d17493